000 00623nam a22002057a 4500
003 OSt
005 20250827073949.0
008 250827b |||||||| |||| 00| 0 eng d
020 _a 1-56731-481-3
040 _aDWCL-Main lib
_cOC
082 _aCirc. 616.89 M663 1998
100 _aBassman, Lynette
245 _aMind, mood, & emotion :
_ba book of therapies/
_cLynette Bassman
260 _aNew York :
_bMJF Books,
_cc1998
300 _axv, 552 p. :
_c21 cm.
504 _aIncludes index.
650 _a1. mental illness-alternative treatment
650 _a2. Mind and body therapy
942 _2ddc
_cBK-CIRC
_kCirc.
_n0
999 _c4307
_d4307